00603nam a2200193Ia 4500003000400000005001700004008004100021040001800062041000800080082002400088100002000112245013100132250001200263260004300275300002900318650001600347650002000363650002600383OSt20250131125540.0210716s1992 xx 000 0 und d cAIMIT LIBRARY aeng a006.62028821bSHES aShell, Stanley. aPC data handbook : bspecifications for maintenance repair and upgrade of the ibm pc ps/2 and compatibles /cBy Stanley Shell. a1st ed. aNew Delhi :bBPB Publications ,c1992. axiv,359p. ;bPBc22.2 cm aMemory maps aHard disk drive aCard bracket position